La legítima de los hijos y descendientes / (Record no. 108718)

MARC details
000 -LEADER
campo de control de longitud fija 00459nam a2200157 4500
001 - NÚMERO DE CONTROL
campo de control 108718
003 - IDENTIFICADOR DE NÚMERO DE CONTROL
campo de control ES-MaACL
005 - FECHA Y HORA DE LA ÚLTIMA TRANSACCIÓN
campo de control 20230906184709.0
007 - CAMPO FIJO DE DESCRIPCIÓN FÍSICA--INFORMACIÓN GENERAL
campo de control de longitud fija t|
008 - DATOS DE LONGITUD FIJA--INFORMACIÓN GENERAL
campo de control de longitud fija 061121q19401949sp r ||||1| spa d
100 1# - ENTRADA PRINCIPAL--NOMBRE DE PERSONA
Nombre de persona Montojo y Burguero, Luis.
9 (RLIN) 82673
245 13 - MENCIÓN DEL TÍTULO
Título La legítima de los hijos y descendientes /
Mención de responsabilidad, etc. por Luis Montojo y Burguero.
260 ## - PUBLICACIÓN, DISTRIBUCIÓN, ETC.
Lugar de publicación, distribución, etc. Madrid :
Nombre del editor, distribuidor, etc. Escelicer,
Fecha de publicación, distribución, etc. [194-?]
300 ## - DESCRIPCIÓN FÍSICA
Extensión 391 p. ;
Dimensiones 22 cm.
852 ## - LOCALIZACIÓN
Ubicación ES-MaACL
Número de control de estantería A-4316
Sublocalización o colección R.23485
Holdings
Estatus retirado Estado de pérdida Estado de daño No para préstamo Biblioteca de origen Biblioteca actual Ubicación en estantería Fecha de adquisición Fuente de adquisición Total de préstamos Signatura topográfica completa Código de barras Visto por última vez Precio de reemplazo Tipo de ítem Koha
        Biblioteca del Ateneo de Madrid Biblioteca del Ateneo de Madrid Sala Pecera Planta 1 17/01/2008     A-4316 1113443 23/02/2023 23/02/2023 Libro impreso